Indicadores de Situación de la Provincia de Salta (Registro nro. 8957)

Detalles MARC
000 -LEADER
fixed length control field 01208nas a2200253 454500
001 - CONTROL NUMBER
control field 48402
005 - DATE AND TIME OF LATEST TRANSACTION
control field 20260407193512.0
008 - FIXED-LENGTH DATA ELEMENTS--GENERAL INFORMATION
fixed length control field 260407s2000####ag###########|||spa#d
003 - CONTROL NUMBER IDENTIFIER
control field AR-UNSa-BCEJYS
040 ## - CATALOGING SOURCE
Original cataloging agency AR-UNSa-BCEJYS
Language of cataloging spa
Transcribing agency AR-UNSa-BCEJYS
080 ## - UNIVERSAL DECIMAL CLASSIFICATION NUMBER
Universal Decimal Classification number 330(826.7)
Common auxiliary subdivision Economía de Salta
041 ## - LANGUAGE CODE
Language code of text/sound track or separate title spa
100 1# - MAIN ENTRY--PERSONAL NAME
Personal name Centro de Investigaciones y Estudios Económicos de Salta (CIEES)
245 10 - TITLE STATEMENT
Title Indicadores de Situación de la Provincia de Salta
264 #1 - PRODUCTION, PUBLICATION, DISTRIBUTION, MANUFACTURE, AND COPYRIGHT NOTICE
Place of production, publication, distribution, manufacture Salta :
Name of producer, publisher, distributor, manufacturer CIEES (Centro de Investigaciones y Estudios Económicos de Salta
Date of production, publication, distribution, manufacture, or copyright notice 2000
310 ## - CURRENT PUBLICATION FREQUENCY
Current publication frequency Frecuencia: Cuatrimestral
505 ## - FORMATTED CONTENTS NOTE
Formatted contents note Series estadísticas: 1. Cuentas nacionales y provinciales 2. Sector público 3. Sector externo 4. Indicadores de actividad industrial 5. Índices de precios 6. Mercado de activos 7. Servicios públicos y de transporte 8. Producción y precios de los principales productos 9. Indicadores provinciales de actividad 10. Mercado de trabajo.
590 ## - LOCAL NOTE (RLIN)
Local note niveau_biblio:s niveau_hierar:1
650 ## - SUBJECT ADDED ENTRY--TOPICAL TERM
Topical term or geographic name entry element INDICADORES SOCIOECONOMICOS
650 ## - SUBJECT ADDED ENTRY--TOPICAL TERM
Topical term or geographic name entry element Salta
650 ## - SUBJECT ADDED ENTRY--TOPICAL TERM
Topical term or geographic name entry element ECONOMIA
856 41 - ELECTRONIC LOCATION AND ACCESS
Uniform Resource Identifier <a href="https://www.biblioeco.unsa.edu.ar/pmb/images/revistas/R22126.jpg">https://www.biblioeco.unsa.edu.ar/pmb/images/revistas/R22126.jpg</a>
Link text Imagen de portada
Electronic format type image/jpeg
942 ## - ADDED ENTRY ELEMENTS (KOHA)
Koha item type
Existencias
Withdrawn status Lost status Damaged status Not for loan Home library Current library Shelving location Date acquired Serial enumeration / chronology Total checkouts Full call number Barcode Date last seen Price effective from Koha item type
        Biblioteca Prof. Eusebio Cleto del Rey Biblioteca Prof. Eusebio Cleto del Rey   01/06/2004 Nº 16 - jun. 2004   H330(826.7) IND 16 R22139 10/04/2026 10/04/2026 Numero
        Biblioteca Prof. Eusebio Cleto del Rey Biblioteca Prof. Eusebio Cleto del Rey   01/10/2001 Nº 8 - oct. 2001   H330(826.7) IND 8 R22128 10/04/2026 10/04/2026 Numero
        Biblioteca Prof. Eusebio Cleto del Rey Biblioteca Prof. Eusebio Cleto del Rey   01/06/2001 Nº 7 - jun. 2001   H330(826.7) IND 7 R22126 10/04/2026 10/04/2026 Numero
        Biblioteca Prof. Eusebio Cleto del Rey Biblioteca Prof. Eusebio Cleto del Rey   01/10/2000 Nº 5 - oct. 2000   H330(826.7) IND 5 R22138 10/04/2026 10/04/2026 Numero
        Biblioteca Prof. Eusebio Cleto del Rey Biblioteca Prof. Eusebio Cleto del Rey   01/05/2000 Nº 4 - mayo 2000   H330(826.7) IND 4 R22127 10/04/2026 10/04/2026 Numero
        Biblioteca Prof. Eusebio Cleto del Rey Biblioteca Prof. Eusebio Cleto del Rey   01/02/2000 Nº 3 - feb. 2000   H330(826.7) IND 3 R22130 10/04/2026 10/04/2026 Numero
        Biblioteca Prof. Eusebio Cleto del Rey Biblioteca Prof. Eusebio Cleto del Rey   01/01/2000 ene./dic. 2000   H330(826.7) IND 2000 R22131 10/04/2026 10/04/2026 Numero
        Biblioteca Prof. Eusebio Cleto del Rey Biblioteca Prof. Eusebio Cleto del Rey   01/07/1999 Nº 1 - jul. 1999   H330(826.7) IND 1 R22129 10/04/2026 10/04/2026 Numero